| Tag |
First Indicator |
Second Indicator |
Subfields |
| LEADER |
00000cam a2200000 a 4500 |
| 001 |
in00003723521 |
| 005 |
20190412184936.0 |
| 006 |
m|||||o||d|||||||| |
| 007 |
cr ||||||||||| |
| 008 |
110110s1998 cau fo 000|0|eng|d |
| 020 |
|
|
|a 9781412986144 (ebook) :
|c No price
|
| 035 |
|
|
|a (StDuBDS)EDZ0000018851
|
| 040 |
|
|
|a StDuBDS
|b eng
|c StDuBDS
|e pn
|d UtOrBLW
|
| 050 |
|
4 |
|a GN346
|
| 082 |
0 |
4 |
|a 305.800723
|2 22
|
| 100 |
1 |
|
|a Stewart, Alex,
|d 1950 June 24-
|0 http://id.loc.gov/authorities/names/n88226876
|
| 245 |
1 |
4 |
|a The ethnographer's method /
|c Alex Stewart.
|
| 264 |
|
1 |
|a Thousand Oaks, Calif. ;
|a London :
|b SAGE,
|c [1998]
|
| 264 |
|
4 |
|c ©1998
|
| 300 |
|
|
|a 1 online resource (vi, 97 pages).
|
| 336 |
|
|
|a text
|b txt
|2 rdacontent
|
| 337 |
|
|
|a computer
|b c
|2 rdamedia
|
| 338 |
|
|
|a online resource
|b cr
|2 rdacarrier
|
| 490 |
1 |
|
|a Qualitative research methods ;
|v v. 46
|
| 500 |
|
|
|a "A SAGE university paper."
|
| 520 |
8 |
|
|a In this volume Alex Stewart shows novice and experienced ethnographers how to explain and present the methods they use in terms understood by those not in the field.
|
| 588 |
|
|
|a Description based on print version record.
|
| 504 |
|
|
|a Includes bibliographical references.
|
| 500 |
|
|
|a Electronic resource.
|
| 650 |
|
0 |
|a Ethnology
|x Fieldwork.
|0 http://id.loc.gov/authorities/subjects/sh2008103334
|
| 650 |
|
0 |
|a Ethnology
|x Methodology.
|0 http://id.loc.gov/authorities/subjects/sh85045200
|
| 650 |
|
0 |
|a Participant observation.
|0 http://id.loc.gov/authorities/subjects/sh85098354
|
| 655 |
|
7 |
|a Electronic books.
|2 local
|
| 776 |
1 |
8 |
|i Print version :
|z 9780761903949
|
| 830 |
|
0 |
|a Qualitative research methods ;
|v v. 46.
|0 http://id.loc.gov/authorities/names/n84726854
|
| 856 |
4 |
0 |
|u http://proxy.library.tamu.edu/login?url=http://methods.sagepub.com/book/the-ethnographers-method
|z Connect to the full text of this electronic book
|t 0
|
| 999 |
f |
f |
|s 4067700b-06c1-3e5e-8739-c236d8e23ea0
|i d8d9339e-a5cc-34d1-bab0-c2e08d4dca78
|t 0
|
| 952 |
f |
f |
|a Texas A&M University
|b College Station
|c Electronic Resources
|d Available Online
|t 0
|e GN346
|h Library of Congress classification
|
| 998 |
f |
f |
|a GN346
|t 0
|l Available Online
|